<?xml version="1.0" encoding="UTF-8"?>
<record
    xmlns:xsi="http://www.w3.org/2001/XMLSchema-instance"
    xsi:schemaLocation="http://www.loc.gov/MARC21/slim http://www.loc.gov/standards/marcxml/schema/MARC21slim.xsd"
    xmlns="http://www.loc.gov/MARC21/slim">

  <leader>02667cam a22003138i 4500</leader>
  <controlfield tag="001">23920811</controlfield>
  <controlfield tag="005">20250616094954.0</controlfield>
  <controlfield tag="008">241113s2025    mau      b    001 0 eng  </controlfield>
  <datafield tag="010" ind1=" " ind2=" ">
    <subfield code="a">  2024024721</subfield>
  </datafield>
  <datafield tag="020" ind1=" " ind2=" ">
    <subfield code="a">9780262049504</subfield>
    <subfield code="q">(hardcover)</subfield>
  </datafield>
  <datafield tag="020" ind1=" " ind2=" ">
    <subfield code="z">9780262381789</subfield>
    <subfield code="q">(epub)</subfield>
  </datafield>
  <datafield tag="020" ind1=" " ind2=" ">
    <subfield code="z">9780262381796</subfield>
    <subfield code="q">(pdf)</subfield>
  </datafield>
  <datafield tag="040" ind1=" " ind2=" ">
    <subfield code="a">DLC</subfield>
    <subfield code="b">eng</subfield>
    <subfield code="e">rda</subfield>
    <subfield code="c">DLC</subfield>
  </datafield>
  <datafield tag="041" ind1=" " ind2=" ">
    <subfield code="a">eng</subfield>
  </datafield>
  <datafield tag="042" ind1=" " ind2=" ">
    <subfield code="a">pcc</subfield>
  </datafield>
  <datafield tag="050" ind1="0" ind2="0">
    <subfield code="a">HD9349.C6</subfield>
    <subfield code="b">C34 2025</subfield>
  </datafield>
  <datafield tag="100" ind1=" " ind2=" ">
    <subfield code="a">Carpenter, Murray,</subfield>
    <subfield code="e">author.</subfield>
    <subfield code="9">25406</subfield>
  </datafield>
  <datafield tag="245" ind1="1" ind2="0">
    <subfield code="a">Sweet and deadly </subfield>
    <subfield code="b">: how Coca-Cola spreads disinformation and makes us sick </subfield>
    <subfield code="c">/ Murray Carpenter.</subfield>
  </datafield>
  <datafield tag="264" ind1=" " ind2="1">
    <subfield code="a">Cambridge :</subfield>
    <subfield code="b">The MIT Press,</subfield>
    <subfield code="c">2025.</subfield>
  </datafield>
  <datafield tag="300" ind1=" " ind2=" ">
    <subfield code="a">328 pages ; 24 cm</subfield>
  </datafield>
  <datafield tag="504" ind1=" " ind2=" ">
    <subfield code="a">Includes bibliographical references and index.</subfield>
  </datafield>
  <datafield tag="505" ind1=" " ind2=" ">
    <subfield code="a">Prologue: sending the memo &#x2014;

Part I: Carb-o-nation &#x2014;

Part II: A balancing act, 2010&#x2013;2015 &#x2014;

Part III: Astroturf and taxes &#x2014;

Part IV: Coke in court &#x2014;

Part V: The noose tightens &#x2014;

Epilogue: Coke slips the noose.</subfield>
  </datafield>
  <datafield tag="520" ind1=" " ind2=" ">
    <subfield code="a">How Coca-Cola makes Americans sick&#x2014;and makes sure we don't know it.

If we knew that Coca-Cola was among the deadliest products in our diet, would we continue drinking it in such great quantities? The Coca-Cola Company has gone to extraordinary lengths to make sure we don&#x2019;t find out, as this damning expos&#xE9; makes patently clear. Marshaling the findings of extensive research and deep investigative reporting, Murray Carpenter describes in Sweet and Deadly the damage Coke does to America&#x2019;s health&#x2014;and the remarkable campaign of disinformation conducted by the company to keep consumers in the dark.

Sugar-sweetened beverages are the single item in the American diet that most contributes to the epidemic of chronic disease&#x2014;in particular, obesity, type 2 diabetes, and cardiovascular disease&#x2014;and Coca-Cola is America&#x2019;s favorite sugar-sweetened beverage, by far. Carpenter details how the Coca-Cola corporation&#x2019;s sophisticated shadow network has masterfully spread disinformation for decades to hide the health risks of its product from consumers&#x2014;risks disproportionately borne by Black, brown, and low-income communities. Working from a playbook of obfuscation and pseudoscience that has worked well for other harmful products, from tobacco and trans fats to opioids, Coca-Cola has managed to maintain an aura of goodness and happiness. This eye-opening book finally and fully reveals the truth behind that aura.</subfield>
    <subfield code="c">Provided by publisher.</subfield>
  </datafield>
  <datafield tag="650" ind1=" " ind2="0">
    <subfield code="a">Coca Cola (Trademark)</subfield>
    <subfield code="9">25407</subfield>
  </datafield>
  <datafield tag="650" ind1=" " ind2="0">
    <subfield code="a">Cola drinks</subfield>
    <subfield code="x">Health aspects.</subfield>
  </datafield>
  <datafield tag="650" ind1=" " ind2="0">
    <subfield code="a">Selling</subfield>
    <subfield code="x">Cola drinks.</subfield>
  </datafield>
  <datafield tag="942" ind1=" " ind2=" ">
    <subfield code="2">lcc</subfield>
  </datafield>
  <datafield tag="952" ind1=" " ind2=" ">
    <subfield code="0">0</subfield>
    <subfield code="1">0</subfield>
    <subfield code="2">lcc</subfield>
    <subfield code="4">0</subfield>
    <subfield code="7">0</subfield>
    <subfield code="a">TBS</subfield>
    <subfield code="b">TBS</subfield>
    <subfield code="d">2025-06-12</subfield>
    <subfield code="l">0</subfield>
    <subfield code="o">HD9349.S634 CAR</subfield>
    <subfield code="p">B07549</subfield>
    <subfield code="r">2025-06-12</subfield>
    <subfield code="t">1</subfield>
    <subfield code="w">2025-06-12</subfield>
    <subfield code="y">1</subfield>
  </datafield>
  <datafield tag="999" ind1=" " ind2=" ">
    <subfield code="c">4726</subfield>
    <subfield code="d">4726</subfield>
  </datafield>
</record>
